Sarahad ke par: (Record no. 83063)
[ view plain ]
| 000 -LEADER | |
|---|---|
| fixed length control field | 00569nam a2200205Ia 4500 |
| 003 - CONTROL NUMBER IDENTIFIER | |
| control field | OSt |
| 005 - DATE AND TIME OF LATEST TRANSACTION | |
| control field | 20250305090644.0 |
| 008 - FIXED-LENGTH DATA ELEMENTS--GENERAL INFORMATION | |
| fixed length control field | 210210b1975 xxu||||| |||| 00| 0 eng d |
| 040 ## - CATALOGING SOURCE | |
| Transcribing agency | AL |
| 041 ## - LANGUAGE CODE | |
| Language code of sung or spoken text | hin |
| 082 ## - DEWEY DECIMAL CLASSIFICATION NUMBER | |
| Classification number | H891.3 SHIS |
| 100 ## - MAIN ENTRY--PERSONAL NAME | |
| Personal name | SHRIVASTAV (Shivnarayan): |
| 9 (RLIN) | 203931 |
| 110 ## - MAIN ENTRY--CORPORATE NAME | |
| Subordinate unit | श्रीवास्तव शिवनारायण |
| 9 (RLIN) | 203932 |
| 245 ## - TITLE STATEMENT | |
| Title | Sarahad ke par: |
| Remainder of title | सरहद के पार |
| 260 ## - PUBLICATION, DISTRIBUTION, ETC. | |
| Place of publication, distribution, etc. | Dilli |
| Name of publisher, distributor, etc. | Sanmarg Prakashan |
| Date of publication, distribution, etc. | 1975 |
| 300 ## - PHYSICAL DESCRIPTION | |
| Extent | 113 |
| 690 ## - LOCAL SUBJECT ADDED ENTRY--TOPICAL TERM (OCLC, RLIN) | |
| Topical term or geographic name as entry element | Hindi Fiction |
| 9 (RLIN) | 203933 |
| 906 ## - LOCAL DATA ELEMENT F, LDF (RLIN) | |
| a | 032204 |
| 942 ## - ADDED ENTRY ELEMENTS (KOHA) | |
| Source of classification or shelving scheme | Dewey Decimal Classification |
| Koha item type | Book |
| Withdrawn status | Lost status | Damaged status | Not for loan | Collection code | Home library | Current library | Shelving location | Date acquired | Cost, normal purchase price | Total Checkouts | Full call number | Barcode | Date last seen | Price effective from | Koha item type |
|---|---|---|---|---|---|---|---|---|---|---|---|---|---|---|---|
| St Aloysius Library | St Aloysius Library | 02/17/2021 | 0.00 | H891.3 SHIS | 032204 | 02/17/2021 | 02/17/2021 | Book |